000 00747nam a2200289 a 4500
003 AR-BaBNM
005 20251128205131.0
008 082120s2002 ||||||||||||||000 | spa||
020 _a950-16-5116-9
040 _cAR-BaBNM
100 1 _aLynch, Benito
245 0 0 _aEl inglés de los güesos
260 _aBuenos Aires
_bTroquel
_c1993
300 _a268 p.
490 0 _aClásicos Troquel
500 _aLa presente edición es una edición anotada
650 4 _aLITERATURA ARGENTINA
650 4 _aPAMPAS
650 4 _aRECURSOS LINGUISTICOS
650 4 _aMARGINALIDAD SOCIAL
650 4 _aREALISMO
653 _aGAUCHOS
655 _aLITERATURA
700 1 _aCaillet-Bois, Julio
_eprologuista
942 _cBK
998 _cisola
999 _c10126
_d10126